Statistiques concernant Reliez l'actrice française au film

Cliquez ici pour prendre le quiz!

Statistiques générales

  • Ce quiz a été pris 658 fois
  • Le résultat moyen est 10 sur 15

Statistiques - réponses

HintRéponse% Correct
La BoumSophie Marceau
93%
La Vie d'AdèleAdèle Exarchopoulos
92%
Le Fabuleux Destin d'Amélie PoulainAudrey Tautou
85%
La MômeMarion Cotillard
82%
La Cité de la PeurChantal Lauby
71%
Tout ce qui BrilleLeïla Bekhti
69%
Peau d'âneCatherine Deneuve
64%
Le Père Noël est une OrdureAnémone
63%
The ArtistBérénice Bejo
61%
Gazon MauditJosiane Balasko
57%
Manon des sourcesEmmanuelle Béart
55%
La Reine MargotIsabelle Adjani
55%
BenedettaVirginie Efira
52%
La PianisteIsabelle Huppert
47%
La ZizanieAnnie Girardot
45%

Distribution des résultats

Percentile par nombre de réponses

% des personnes avec chaque résultat

Votre développement - résultats

Vous n’avez pas pris ce quiz